[Event "Let's Play Chess!"]
[Site "http://www.queenalice.com/game.php?id=1557843"]
[Date "2019.1.23"]
[Round "-"]
[White "PatricioKM"]
[Black "Erithacus"]
[Result "0-1"]
[WhiteElo "1878"]
[BlackElo "1906"]

1. e4 c5 2. Nf3 Nc6 3. d4 cxd4 4. Nxd4 e5 5. Nxc6 bxc6 6. Bc4 Nf6 7. Nc3 Be7 8.
O-O O-O 9. Qf3 Bb7 10. Qg3 g6 11. Qxe5 d6 12. Qd4 d5 13. exd5 Nxd5 14. Bh6 Bf6
15. Qc5 Re8 16. Rab1 a5 17. Nxd5 cxd5 18. Bb5 Re5 19. Qa3 Qb6 20. Ba4 Re4 21.
Bb3 Bc6 22. Rbd1 Be7 23. Bxd5 Bxa3 24. Bxe4 Bxe4 25. bxa3 f5 26. Rd7 Ra7 27.
Rd8+ Qxd8 0-1

[Event "Let's Play Chess!"]
[Site "http://www.queenalice.com/game.php?id=1568560"]
[Date "2019.4.22"]
[Round "-"]
[White "beginat63"]
[Black "Erithacus"]
[Result "1-0"]
[WhiteElo "1655"]
[BlackElo "1943"]

1. e4 c5 2. d4 cxd4 3. c3 Nc6 4. cxd4 g6 5. Nf3 Bg7 6. Nc3 e6 7. Bd3 Nf6 8. O-O
O-O 9. Bg5 Qc7 10. Re1 d6 11. Qe2 Nb4 12. a3 Nxd3 13. Qxd3 a6 14. Qe3 b5 15. e5
dxe5 16. dxe5 Nd7 17. Rac1 Qb8 18. Bh6 Re8 19. Bxg7 Kxg7 20. g3 Bb7 21. Ng5 h6
22. Nf3 Bxf3 23. Qxf3 Nxe5 24. Qe2 Nc4 25. Ne4 f5 26. Nc5 e5 27. b3 Na5 28. b4
Nc4 29. a4 e4 30. Rcd1 Ne5 31. a5 Nf3+ 32. Kh1 Nxe1 33. Qxe1 h5 34. Rd7+ Kg8 35.
Qc3 Rd8 36. Qg7# 1-0

[Event "Let's Play Chess!"]
[Site "http://www.queenalice.com/game.php?id=1568573"]
[Date "2019.4.22"]
[Round "-"]
[White "Erithacus"]
[Black "beginat63"]
[Result "1-0"]
[WhiteElo "1915"]
[BlackElo "1668"]

1. Nf3 Nf6 2. c4 c5 3. Nc3 g6 4. e4 Bg7 5. d4 cxd4 6. Nxd4 O-O 7. g3 e5 8. Nf3
d6 9. Qc2 Nc6 10. Bg2 Be6 11. O-O Bxc4 12. Re1 Nb4 13. Qa4 a5 14. a3 b5 15. Nxb5
Bxb5 16. Qb3 Rc8 17. axb4 a4 18. Qd1 Qb6 19. Be3 Qa6 20. b3 Nxe4 21. bxa4 Bc4
22. b5 Qa5 23. Nd2 Bd3 24. Nxe4 Bc2 25. Qe2 Bxe4 26. Bxe4 f5 27. Bc6 e4 28. Rad1
Qxa4 29. Rxd6 Qb4 30. Rdd1 Bc3 31. Rf1 Kg7 32. f3 Rcd8 33. Rb1 1-0

[Event "Let's Play Chess!"]
[Site "http://www.queenalice.com/game.php?id=1568580"]
[Date "2019.4.22"]
[Round "-"]
[White "Erithacus"]
[Black "BOY2020"]
[Result "0-1"]
[WhiteElo "1927"]
[BlackElo "1621"]

1. Nf3 g6 2. c4 e6 3. Nc3 Bg7 4. d4 b6 5. g3 Bb7 6. e4 Ne7 7. Bg2 O-O 8. O-O Ba6
9. b3 c5 10. d5 Bxc3 11. Rb1 exd5 12. exd5 d6 13. Bg5 Qc7 14. Bf4 b5 15. Qd3 b4
16. Nd2 Nd7 17. Ne4 Bg7 18. Nxd6 Qd8 19. Ne4 Qc8 20. Ng5 Nf5 21. Rbe1 Re8 22.
Be4 Bc3 23. Bxf5 Rxe1 24. Rxe1 Bxe1 25. Be4 Nf6 0-1

[Event "Let's Play Chess!"]
[Site "http://www.queenalice.com/game.php?id=1568581"]
[Date "2019.4.22"]
[Round "-"]
[White "BOY2020"]
[Black "Erithacus"]
[Result "1-0"]
[WhiteElo "1647"]
[BlackElo "1899"]

1. d4 Nf6 2. c4 g6 3. Nc3 Bg7 4. e4 d6 5. Nf3 b6 6. Bd3 Bb7 7. Be3 Nbd7 8. Rc1
O-O 9. O-O c5 10. d5 Re8 11. Qd2 e5 12. Bh6 Nh5 13. Nb5 Nf4 14. Bxf4 exf4 15.
Nxd6 Re7 16. Nxb7 Qb8 17. Nxc5 Nxc5 18. Rce1 Nxd3 19. Qxd3 Bxb2 20. d6 Rd7 21.
Qd2 Ba3 22. e5 a5 23. Qxf4 Bb4 24. Rd1 Qb7 25. Qh6 Bc5 26. Ng5 f6 27. exf6 Rf8
28. f7+ Rfxf7 29. Nxf7 Rxf7 30. Qh3 Rd7 31. Qe6+ Kg7 32. Kh1 Qc6 33. Qe5+ Kf7
34. Qf4+ Kg7 35. Qe5+ Kf7 36. f4 Bxd6 37. Qg5 Kg7 38. f5 Qxc4 39. fxg6 hxg6 40.
Qf6+ Kh6 41. Rf5 Qxa2 42. Qh8+ Rh7 43. Qf6 Bc5 44. Qh4+ Kg7 45. Rd7+ 1-0

[Event "Let's Play Chess!"]
[Site "http://www.queenalice.com/game.php?id=1569778"]
[Date "2019.5.5"]
[Round "-"]
[White "Erithacus"]
[Black "igorjava"]
[Result "0-1"]
[WhiteElo "1939"]
[BlackElo "2038"]

1. Nf3 d5 2. c4 d4 3. b4 f6 4. Bb2 e5 5. d3 c5 6. b5 Bd6 7. a4 b6 8. g3 Bb7 9.
Bg2 Qc7 10. O-O Ne7 11. Nbd2 Nd7 12. Ne4 O-O-O 13. Qd2 h6 14. Nxd6+ Qxd6 15. a5
Kc7 16. a6 Ba8 17. e4 dxe3 18. Qxe3 g5 19. Nd2 Nf5 20. Qe1 Qxd3 21. Be4 Bxe4 22.
Nxe4 Qxc4 23. Rd1 Qxb5 24. Bc3 Rhe8 25. Ra1 Qc6 26. Qe2 Nd4 27. Bxd4 exd4 28.
Rfe1 f5 0-1

[Event "1n"]
[Site "http://www.queenalice.com/game.php?id=1569779"]
[Date "2019.5.5"]
[Round "-"]
[White "igorjava"]
[Black "Erithacus"]
[Result "1-0"]
[WhiteElo "1985"]
[BlackElo "1873"]

1. e4 c5 2. Nf3 Nc6 3. d4 cxd4 4. Nxd4 e5 5. Nf3 Nf6 6. Bd3 g6 7. Bg5 Bg7 8. Nc3
h6 9. Bh4 O-O 10. h3 a6 11. O-O b5 12. a3 g5 13. Bg3 Nh5 14. Nd5 d6 15. Bh2 Nf4
16. c4 bxc4 17. Bxc4 Ne7 18. Nxf4 exf4 19. Rb1 a5 20. a4 Bb7 21. Nd2 d5 22. exd5
Nxd5 23. Nf3 Nb4 24. b3 Kh8 25. Qxd8 Raxd8 26. Rbd1 f6 27. Nd4 f5 28. Ne6 Rxd1
29. Rxd1 Rf7 30. Rd8+ Kh7 31. Nxg5+ 1-0

[Event "1b"]
[Site "http://www.queenalice.com/game.php?id=1569780"]
[Date "2019.5.6"]
[Round "-"]
[White "Erithacus"]
[Black "igorjava"]
[Result "0-1"]
[WhiteElo "1861"]
[BlackElo "2072"]

1. Nf3 d5 2. c4 d4 3. Qc2 c5 4. e3 Nc6 5. a3 a5 6. d3 Nf6 7. g3 e6 8. Bg2 Qc7 9.
O-O Be7 10. Re1 O-O 11. exd4 cxd4 12. b3 e5 13. Bb2 Bf5 14. Nbd2 Rfc8 15. Ne4 b6
16. Nh4 Bxe4 17. dxe4 Rab8 18. Nf5 Bf8 19. Qd2 b5 20. cxb5 Rxb5 21. Qd3 Qb7 22.
b4 axb4 23. axb4 Nxb4 24. Qd2 Rc2 25. Qg5 Rxb2 26. h3 Nd3 27. Rf1 Nc5 28. Kh2
Ncxe4 29. Qc1 Qb8 30. Re1 Nxf2 31. Rf1 Nd3 32. Qd1 R5b3 33. Nh4 e4 0-1

[Event "Let's Play Chess!"]
[Site "http://www.queenalice.com/game.php?id=1602045"]
[Date "2020.3.9"]
[Round "-"]
[White "igorjava"]
[Black "Erithacus"]
[Result "1-0"]
[WhiteElo "2008"]
[BlackElo "1783"]

1. e4 Nf6 2. e5 Nd5 3. c4 Nb6 4. d4 d6 5. f4 g6 6. Nf3 Bg7 7. Nc3 O-O 8. Be2 Bd7
9. O-O dxe5 10. fxe5 e6 11. Bg5 f6 12. exf6 Bxf6 13. Bh6 Rf7 14. Ne5 Bxe5 15.
dxe5 Nc6 16. Bf4 Be8 17. Qc1 a6 18. Rd1 Qh4 19. Bg3 Qe7 20. Ne4 Rf5 21. Bg4 Rf7
22. Ng5 Qc5+ 23. Kh1 1-0

[Event "Let's Play Chess!"]
[Site "http://www.queenalice.com/game.php?id=1602046"]
[Date "2020.3.9"]
[Round "-"]
[White "Erithacus"]
[Black "igorjava"]
[Result "0-1"]
[WhiteElo "1776"]
[BlackElo "2034"]

1. a3 d5 2. c4 dxc4 3. e3 b5 4. Nf3 Bb7 5. Be2 Nf6 6. O-O e6 7. Nc3 a6 8. b4
cxb3 9. Qxb3 c5 10. Bb2 c4 11. Qd1 Nbd7 12. d4 Be7 13. Qc2 O-O 14. Rfd1 Nb6 15.
Ne5 Qc7 16. h3 Nfd7 17. Nxd7 Qxd7 18. Ne4 Qc7 19. Nc3 f5 20. f4 Nd5 21. Nxd5
exd5 22. Bc3 a5 23. Qb2 Bc6 24. g4 g5 25. gxf5 gxf4 26. exf4 Qxf4 27. Bg4 Bh4
28. Rac1 Ra7 29. Qd2 Qd6 30. Qg2 Rg7 31. Qf3 Bd7 32. Rf1 Rxf5 33. Qe2 Qg3+ 34.
Qg2 Rxf1+ 35. Kxf1 Rf7+ 36. Kg1 Qe3+ 0-1

[Event "Let's Play Chess!"]
[Site "http://www.queenalice.com/game.php?id=1612504"]
[Date "2020.5.16"]
[Round "-"]
[White "Erithacus"]
[Black "luisdelape"]
[Result "0-1"]
[WhiteElo "1797"]
[BlackElo "1846"]

1. b4 e6 2. b5 b6 3. Nf3 Nf6 4. c4 Bc5 5. e3 d5 6. Bb2 dxc4 7. Bxc4 Bb7 8. O-O
Nbd7 9. d4 Bd6 10. Ne5 Bxe5 11. dxe5 Ne4 12. f3 Ng5 13. f4 Ne4 14. Nc3 Qh4 15.
Nxe4 Bxe4 16. Qd4 Nc5 17. Qd1 Nd7 18. Qd4 Bb7 19. Rad1 Rd8 20. Qc3 O-O 21. a4
Qg4 22. Rf2 Nc5 23. Rxd8 Rxd8 24. Qa3 Rd1+ 25. Rf1 Qxg2# 0-1

[Event "Let's Play Chess!"]
[Site "http://www.queenalice.com/game.php?id=1636911"]
[Date "2020.12.19"]
[Round "-"]
[White "igorjava"]
[Black "Erithacus"]
[Result "1-0"]
[WhiteElo "2022"]
[BlackElo "1764"]

1. e4 Nc6 2. d4 e6 3. Nf3 Nf6 4. Bg5 Be7 5. e5 Nd5 6. Bxe7 Ncxe7 7. Bc4 O-O 8.
O-O a6 9. a3 b5 10. Bb3 Bb7 11. c4 bxc4 12. Bxc4 h6 13. Nc3 d6 14. Qd2 Qd7 15.
Rfc1 Nb6 16. Bb3 d5 17. Ba2 Nc4 18. Bxc4 dxc4 19. Ne2 Nf5 20. Rxc4 c6 21. b4 Qd8
22. a4 Nh4 23. Nxh4 Qxh4 24. Ng3 Qe7 25. f3 Rad8 26. Qc3 Rd5 27. Rc5 Rfd8 28.
Ne2 f6 29. exf6 Qxf6 30. Qe3 Re8 31. Rxd5 cxd5 32. Rc1 Rc8 33. Rxc8+ Bxc8 34.
Qe5 Qxe5 35. dxe5 Bd7 36. a5 Bb5 37. Nd4 Bd7 38. f4 g6 39. h4 Kg7 40. Kf2 Kf7
41. g4 Kg7 42. Ke3 Kf7 43. Nf3 Kg7 44. g5 h5 45. Kd4 Kf7 46. Kc5 Ke7 47. Nd4 Kd8
48. Kb6 Bc8 49. b5 1-0

[Event "Let's Play Chess!"]
[Site "http://www.queenalice.com/game.php?id=1636912"]
[Date "2020.12.19"]
[Round "-"]
[White "Erithacus"]
[Black "igorjava"]
[Result "0-1"]
[WhiteElo "1770"]
[BlackElo "2017"]

1. Nf3 d5 2. e3 c5 3. c4 Nf6 4. b3 Nc6 5. Bb2 Bg4 6. Be2 e6 7. O-O Bd6 8. d3 Qc7
9. Nbd2 Be7 10. h3 Bf5 11. a3 O-O 12. Nh4 Bg6 13. Nxg6 fxg6 14. Nf3 Rad8 15. d4
Na5 16. Ne5 Nd7 17. Nxd7 Rxd7 18. Bc3 cxd4 19. Bxd4 e5 20. Bb2 dxc4 21. bxc4
Rxd1 22. Raxd1 Nxc4 23. Rc1 b5 24. Rfd1 Rd8 25. Rxd8+ Bxd8 26. Rc3 Kf7 27. Bf3
Qc5 28. Be2 Ba5 29. Rc2 Qd5 30. Bc1 a6 31. a4 h5 32. Kf1 Bd2 33. Bxc4 bxc4 34.
Rxd2 Qa5 35. Rd7+ Kf6 36. Rd6+ Kf5 37. Rd7 Qxa4 38. Rd6 c3 39. f3 Qc4+ 40. Ke1
e4 41. Rd4 Qc5 42. fxe4+ Kf6 43. Kf2 a5 44. Ke2 a4 45. Rd5 Qc4+ 46. Kd1 Qxe4 47.
Rc5 Qd3+ 0-1

[Event "Let's Play Chess!"]
[Site "http://www.queenalice.com/game.php?id=1784613"]
[Date "2022.3.12"]
[Round "-"]
[White "igor12345"]
[Black "Erithacus"]
[Result "1-0"]
[WhiteElo "1994"]
[BlackElo "1800"]

1. e4 c5 2. Nf3 e6 3. e5 Nc6 4. c3 g6 5. d4 Bg7 6. Bg5 Nge7 7. Bb5 O-O 8. Bxc6
bxc6 9. dxc5 Re8 10. Qd6 h6 11. Bxe7 Qxe7 12. O-O Ba6 13. Rd1 Bc8 14. Nbd2 Qd8
15. b4 a6 16. Nc4 Bb7 17. Nb6 Rb8 18. Qxd7 Qxd7 19. Rxd7 f6 20. Nc4 fxe5 21.
Nfxe5 g5 22. Rad1 Bxe5 23. Nxe5 Rf8 24. R1d6 Bc8 25. Rc7 a5 26. Nxc6 Rb7 27.
Rxb7 Bxb7 28. Nxa5 Ba6 29. Rxa6 1-0

[Event "Let's Play Chess!"]
[Site "http://www.queenalice.com/game.php?id=1784614"]
[Date "2022.3.12"]
[Round "-"]
[White "Erithacus"]
[Black "igor12345"]
[Result "0-1"]
[WhiteElo "1792"]
[BlackElo "2050"]

1. e4 c5 2. Nf3 d6 3. c4 Nf6 4. Nc3 Nc6 5. d3 Bg4 6. Be2 h6 7. h3 Bd7 8. O-O e5
9. a3 Be7 10. Be3 O-O 11. Rb1 a5 12. b3 Nd4 13. Nd5 Nxd5 14. cxd5 Nxe2+ 15. Qxe2
b6 16. Nd2 f5 17. exf5 Rxf5 18. Ne4 Bb5 19. a4 Ba6 20. Ng3 Rf7 21. Ne4 Qd7 22.
Ng3 Bh4 23. Qd2 Raf8 24. Ne4 Bd8 25. Nc3 Qf5 26. Nb5 Bxb5 27. axb5 Qd7 28. f4
Qxb5 29. Rfc1 exf4 30. Bf2 f3 31. g3 Qd7 32. Kh2 Re8 33. Be3 Bg5 34. Bxg5 Re2+
35. Qxe2 fxe2 36. Bf4 g5 37. Be3 Qf5 38. Bg1 Qxd3 39. Re1 Re7 40. Bf2 Qxd5 41.
Rb2 Qf3 42. Rd2 Qxf2+ 43. Kh1 Qxe1+ 44. Kh2 Qxd2 45. h4 g4 46. Kg1 e1=Q# 0-1

[Event "Let's Play Chess!"]
[Site "http://www.queenalice.com/game.php?id=1809444"]
[Date "2023.4.10"]
[Round "-"]
[White "yasseryack"]
[Black "Erithacus"]
[Result "1-0"]
[WhiteElo "1834"]
[BlackElo "1765"]

1. f4 Nf6 2. Nf3 e6 3. g3 c5 4. Bg2 Nc6 5. O-O d5 6. d3 Be7 7. c3 O-O 8. Qe1 b5
9. Nbd2 c4 10. Ne5 Bb7 11. dxc4 bxc4 12. Ndf3 Ne4 13. Be3 f6 14. Nxc6 Bxc6 15.
Nd4 Bd7 16. Bxe4 dxe4 17. f5 exf5 18. Rd1 Qc8 19. Qf2 g6 20. Bh6 Re8 21. e3 a5
22. Qg2 a4 23. a3 Bf8 24. Bxf8 Rxf8 25. h4 Rb8 26. Rf2 Kh8 27. Qh2 h6 28. Rb1 h5
29. Ne2 Rd8 30. Nf4 Kg7 31. Rd2 Bc6 32. Rxd8 1-0

[Event "Let's Play Chess!"]
[Site "http://www.queenalice.com/game.php?id=1815421"]
[Date "2023.7.1"]
[Round "-"]
[White "igor12345"]
[Black "Erithacus"]
[Result "1-0"]
[WhiteElo "2036"]
[BlackElo "1752"]

1. e4 d5 2. exd5 Nf6 3. c4 e6 4. dxe6 Bxe6 5. Nc3 c6 6. d4 Nbd7 7. a3 Nb6 8. c5
Nbd5 9. Nf3 Be7 10. Be2 O-O 11. O-O h6 12. Ne5 Nd7 13. f4 Bf5 14. Bd3 Bxd3 15.
Qxd3 Rc8 16. Nxd5 cxd5 17. b4 Nxe5 18. dxe5 Re8 19. f5 f6 20. e6 a6 21. Be3 Rc6
22. Rfd1 Qc7 23. Qxd5 Rd8 24. Qe4 Rxd1+ 25. Rxd1 Qc8 26. Bf4 Qf8 27. Rd7 1-0